El superavit (Record no. 2628)

MARC details
000 -CABECERA
campo de control de longitud fija 00725nam a2200205 a 4500
001 - NÚMERO DE CONTROL
campo de control BRCA_2889
005 - FECHA Y HORA DE LA ÚLTIMA TRANSACCIÓN
campo de control 20190320204021.0
008 - DATOS DE LONGITUD FIJA--INFORMACIÓN GENERAL
campo de control de longitud fija 111208s1953----mx-p---###---#000-0#spa-#
050 #4 - SIGNATURA TOPOGRÁFICA DE LA BIBLIOTECA DEL CONGRESO
Número de clasificación HF5681
Número de documento/Ítem .W54 1953
100 1# - ENTRADA PRINCIPAL--NOMBRE DE PERSONA
Nombre de persona Wiechers Luna, Luciano
9 (RLIN) 8052
245 10 - MENCIÓN DE TÍTULO
Título El superavit
Resto del título naturaleza, registro contable y presentación en los estados financieros
Mención de responsabilidad, etc. Luciano Wiechers Luna.
260 ## - PUBLICACIÓN, DISTRIBUCIÓN, ETC.
Lugar de publicación, distribución, etc. México
Nombre del editor, distribuidor, etc. L. Wiechers Luna
Fecha de publicación, distribución, etc. 1953
300 ## - DESCRIPCIÓN FÍSICA
Extensión 93 h.
Otras características físicas il.
Dimensiones 20 cm.
500 ## - NOTA GENERAL
Nota general AA36
502 ## - NOTA DE TESIS
Nota de tesis Tesis (Contador publico y auditor) - Universidad Nacional Autónoma de México, 1953
502 ## - NOTA DE TESIS
Nota de tesis Tesis inventariada por Banco de México como libro
650 14 - PUNTO DE ACCESO ADICIONAL DE MATERIA--TÉRMINO DE MATERIA
Término de materia o nombre geográfico como elemento de entrada Superavit (Contabilidad)
9 (RLIN) 8053
902 ## - CATALOGADOR
Iniciales GFM
942 ## - ELEMENTOS DE PUNTO DE ACCESO ADICIONAL (KOHA)
Fuente del sistema de clasificación o colocación Library of Congress Classification
Tipo de ítem Koha Libros
Holdings
Estado de retiro Estado de pérdida Estado dañado No para préstamo Localización permanente Ubicación/localización actual Fecha de adquisición Número de inventario Total de préstamos Signatura topográfica completa Código de barras Fecha visto por última vez Precio válido a partir de Tipo de ítem Koha
El ejemplar forma parte de la colección y puede ser consultado según las políticas vigentes.       Biblioteca del Museo Franz Mayer (Rogerio Casas-Alatriste) Biblioteca del Museo Franz Mayer (Rogerio Casas-Alatriste) 11/12/2008 AA36   HF5681 .W54 1953 (AA36) 2886 22/03/2019 22/03/2019 Libros